| 000 | 00760cam a2200217 a 4500 | ||
|---|---|---|---|
| 001 | 000015448 | ||
| 005 | 20200929164038.0 | ||
| 008 | 880630s1987 ck b 001 0 spa | ||
| 040 |
_aDO-SdBNP _bspa _cDLC _dBNPHU |
||
| 082 |
_a150.195 _bG984s |
||
| 100 | 1 |
_aGutiérrez, José, _d1927- _934881 |
|
| 245 | 1 | 0 |
_aSilencio y verdad : _bnegación y estima en el psicoanálisis / _cJosé Gutiérrez ; prólogo Carlos B. Gutiérrez. |
| 260 |
_aBogotá, Colombia : _bInstituto Caro y Cuervo, _c1987. |
||
| 300 |
_a226 p. ; _c23 cm. |
||
| 504 | _aIncluye referencias bibliográficas. | ||
| 650 | 4 |
_aPsicolológico _934882 |
|
| 650 | 4 |
_aAutoanálisis _934883 |
|
| 700 | 1 |
_aGutiérrez, Carlos B. _epról. _934884 |
|
| 910 | _aCatalogación por copia / LC | ||
| 049 | _aBNGR | ||
| 999 |
_c15005 _d15005 |
||